00791cam a22002177a 4500003000500000005001700005008004100022010001000063011001000073035001000083040000900093100002900102245016000131260003700291300002200328502012500350650003000475650002100505650002400526650002300550CHAP20220329142048.0990519d1997 mx r 00110 spa d a77846 a78818 a88919 cCHAP00aOnofre Segura, Héctor.10aEfecto de la fecha de siembra sobre el rendimiento de cinco genotipos de sorgo (Sorghum bicolor. (L.) Moench) en Cocula, Gro.c/ por Héctor Onofre Segura aCocula, Gro. :bEl autor,c1997. a52 h. :bgráfs. aTesis (Ing. Agr. Fitotecnista) -- Colegio Superior Agropecuario del Estado de Guerrero. Centro de Estudios Profesionales14aSorgoxFechas de siembra.14aSorgoxGuerrero.14aSorgoxRendimiento.14aSorgoxVariedades.